Red de oración continua : Una visión de Dios para estos tiempos / Omar Oviedo , Idaly Rivera (Registro nro. 44849)
[ vista simple ]
| 000 -LÍDER | |
|---|---|
| Campo fijo de descripción fija | 007320000a22002290004500 |
| 041 0# - CÓDIGO DE IDIOMA | |
| Código de idioma para texto/pista de sonido o título separado | |
| 082 04 - NÚMERO DE CLASIFICACIÓN DECIMAL DEWEY | |
| Número de clasificación | G 248.32 O969r |
| 001 - NÚMERO DE CONTROL | |
| Campo de control | 18411 |
| 100 1# - ASIENTO PRINCIPAL--NOMBRE PERSONAL | |
| Nombre personal | Oviedo, Omar |
| 245 10 - TÍTULO | |
| Título del Material | Red de oración continua : Una visión de Dios para estos tiempos / Omar Oviedo , Idaly Rivera |
| 250 ## - MENCIÓN DE EDICIÓN | |
| Mención de edición | Segunda edición |
| 260 ## - PUBLICACIÓN, DISTRIBUCIÓN, ETC. (PIE DE IMPRENTA) | |
| Lugar de publicación, distribución, etc. | Armenia, Colombia: Publicaciones Alianza |
| 300 ## - DESCRIPCIÓN FÍSICA | |
| Extensión | 157 páginas |
| 336 ## - CONTENT TYPE | |
| Content type term | texto |
| Content type code | txt |
| Source | rdacontent |
| 337 ## - MEDIA TYPE | |
| Source | rdamedia |
| Media type term | sin mediación |
| Media type code | n |
| 338 ## - CARRIER TYPE | |
| Source | rdacarrier |
| Carrier type term | volumen |
| Carrier type code | nc |
| 501 ## - NOTA DE “CON” | |
| Nota de Contenido | rústico |
| 505 00 - NOTA DE CONTENIDO | |
| Nota de contenido con formato preestablecido | Red de oración continua -- Liderazgo en la red de oración |
| 650 14 - ASIENTO SECUNDARIO DE MATERIA - TERMINO TEMÁTICO | |
| Término temático o nombre geográfico como elemento de entrada | INTERCESION \ ORACION \ ORACIONES \ VIDA CRISTIANA |
| 700 1# - ASIENTO SECUNDARIO - NOMBRE PERSONAL | |
| Nombre personal | Rivera, Idaly, Coautor |
| 942 ## - TIPO DE MATERIAL (KOHA) | |
| Tipo de Item KOHA | Libros General |
| Estado de Material | Estado de Perdido | Estado de Dañado | No para Préstamo | Colección | Tomo | Biblioteca de Origen | Biblioteca Permanente | Fecha de Adquisición | Total de Préstamos | Signatura Topográfica | Código de Barras | Última vez visto | Ejemplar/Existencia | Fecha de Remplazo | Tipo de Material |
|---|---|---|---|---|---|---|---|---|---|---|---|---|---|---|---|
| Colección General | Biblioteca FUSBC | Biblioteca FUSBC | 05/06/2014 | G 248.32 O969r | 18406 | 12/12/2019 | 1 | 26/01/2016 | Libros General |
